|
|
แสดงรายละเอียดบรรณานุกรม |
|
|
Brief Record
: Get Marc (ISO 2709)
: E-mail record
: |
|
|
| LEADER 00000nam 2200000uu 4500 | |||
| 001 208561 | |||
| 003 ULIBM | |||
| 008 121108s2554||||th 000 0 tha d | |||
| 020 ^a9789749781678 | |||
| 040 ^abcnkk | |||
| 041 0 ^atha | |||
| 060 4 ^aWB541^bพ274 2554 | |||
| 100 0 ^aพรรัชนี วีระพงศ์ | |||
| 245 10 ^aหลักพื้นฐานการออกกำลังกายเพื่อการบำบัด=^bBasic principlesfor therapeutic exercise /^cพรรัชนี วีระพงศ์ | |||
| 246 12 ^aBasic principlesfor therapeutic exercise. | |||
| 250 ^aพิมพ์ครั้งแรก | |||
| 260 ^aสมุทรปราการ :^bโครงการสำนักพิมพ์มหาวิทยาลัยหัวเฉียวเฉลิมพระเกียรติ,^c2554 | |||
| 300 ^aประมาณ 200 หน้า :^bภาพประกอบ | |||
| 650 4 ^aการออกกำลังกาย | |||
| 650 4 ^aการรักษาด้วยการออกกำลังกาย | |||
| 999 ^aใช้งานได้ทุกระบบ | |||
| คุณยังไม่ได้ล็อกอิน คุณสามารถมีกิจกรรมร่วมกับเว็บไซต์ได้ แต่ต้องล็อกอินก่อน :: |
|
| สถานะ | |||||||||
| 1. | หนังสือทั่วไป | WB541 พ274 2554 | On Shelf ขอยืม | ||||||
| Note:ปีงบประมาณ 2555 | |||||||||
| 2. | หนังสือทั่วไป | WB541 พ274 2554 ฉ.2 | On Shelf ขอยืม | ||||||
| Note:ปีงบประมาณ 2555 | |||||||||
| 3. | หนังสือทั่วไป | WB541 พ274 2554 ฉ.3 | On Shelf ขอยืม | ||||||
| Note:ปีงบประมาณ 2555 | |||||||||
| 4. | หนังสือทั่วไป | WB541 พ274 2554 ฉ.4 | On Shelf ขอยืม | ||||||
| Note:ปีงบประมาณ 2555 | |||||||||
| 5. | หนังสือทั่วไป | WB541 พ274 2554 ฉ.9 | On Shelf ขอยืม | ||||||
| Note:ปีงบประมาณ 2555 | |||||||||
| [แสดง 5/5 รายการ] | |||||||||
BibComment |
| คอมเมนท์ทรัพยากรรายการนี้ |
|
|